000 00224nam a2200097Ia 4500
008 240331s9999 xx 000 0 und d
082 _bOBR
100 _aO'Brien, J
245 0 _aWomen's liberation in labour history
942 _cL
999 _c1729
_d1729